000 00532nam a2200181Ia 4500
005 20250508162822.0
008 008 250505s9999 xx 000 0 hin d
037 _aTextual
040 _aFEDL
_beng
_cFEDL
041 _ahin
_2eng
084 _a891.433, RAJ
_qFEDL
100 _aRajendra Kumar
245 0 _aSwatantrayottar hindi kahani mein gramy jeewan aur sanskriti
260 _aDelhi, India
_bParimal Publications
_c1988
300 _axvi,333p
942 _cTEXL
_h891.433, RAJ
999 _c1378868
_d1378868